| 000 | 00697nam a22001937a 4500 | ||
|---|---|---|---|
| 005 | 20251108164249.0 | ||
| 008 | 250721s1996 xx 000 0 ara d | ||
| 082 | 1 | 4 | _a621.3888/فار |
| 100 | 1 | _aالعامري، فاروق محمد | |
| 245 | 1 | 0 | _aالجديد في أنظمة الإستقبال التلفزيوني من الأقمار الصناعية / |
| 246 | 1 | 1 | _aNew satellite TV Systems |
| 264 | 1 |
_aالقاهرة : _bممعهد ناصر للدراسات، _c1996. |
|
| 300 | _a167ص | ||
| 490 | 0 | _aموسوعة العامري للإلكترونيات ؛ 6 | |
| 650 | 1 | 7 | _aالتلفزيون |
| 650 | 1 | 7 | _aالهندسة الإلكترونية |
| 942 |
_2ddc _cBK |
||
| 999 |
_c7821 _d7821 |
||